The European construction sector (Record no. 120890)

MARC details
000 -LEADER
fixed length control field 00725cai a22001815a 4500
001 - CONTROL NUMBER
control field E151966
008 - FIXED-LENGTH DATA ELEMENTS--GENERAL INFORMATION
fixed length control field 110117u2011 xxk g 000 0 eng d
035 ## - SYSTEM CONTROL NUMBER
System control number (Sirsi) u151966
041 0# - LANGUAGE CODE
Language code of text/sound track or separate title eng
110 2# - MAIN ENTRY--CORPORATE NAME
Corporate name or jurisdiction name as entry element European Commission
9 (RLIN) 2292
245 04 - TITLE STATEMENT
Title The European construction sector
Medium [electronic resource]
520 ## - SUMMARY, ETC.
Summary, etc. Section of the EC's website which deals with construction. Has links to sections on Eurocodes, construction products, sustainable construction, competitiveness and other policies.
590 ## - LOCAL NOTE (RLIN)
Local note KA
651 #4 - SUBJECT ADDED ENTRY--GEOGRAPHIC NAME
Geographic name Europe
690 ## - LOCAL SUBJECT ADDED ENTRY--TOPICAL TERM (OCLC, RLIN)
Topical term or geographic name as entry element BUILT ENVIRONMENT
856 40 - ELECTRONIC LOCATION AND ACCESS
Uniform Resource Identifier <a href="https://ec.europa.eu/enterprise/sectors/construction/index_en.htm">https://ec.europa.eu/enterprise/sectors/construction/index_en.htm</a>
Public note View the website free of charge at http://ec.europa.eu2
942 ## - ADDED ENTRY ELEMENTS (KOHA)
Suppress in OPAC 0
Holdings
Withdrawn status Lost status Source of classification or shelving scheme Damaged status Not for loan Home library Current library Shelving location Date acquired Total Checkouts Full call number Barcode Date last seen Copy number Price effective from Koha item type
    Dewey Decimal Classification     Virtual Virtual Online 17/01/2011   WEBSITE 151966-2001 06/08/2019 1 06/08/2019 Online material